SPENCER, Paul. — The Samburu. A Study of Gerontocracy. London-New York, Routledge, 2004 [1965] (with a new preface by Paul Spencer), 376 p. — The Maasai of Matapato. London-New York, Routledge, 2004 [1988] (with a new preface by Paul Spencer), 296 p. — Time, Space and the Unknown. Maasai Configurations of Power and Providence. London-New York, Routledge and Kegan Paul, 2003, 304 p. (notice n° 1583496)
[ vue normale ]
| 000 -LEADER | |
|---|---|
| fixed length control field | 00867cam a2200145 4500500 |
| 005 - DATE AND TIME OF LATEST TRANSACTION | |
| control field | 20251228052419.0 |
| 041 ## - LANGUAGE CODE | |
| Language code of text/sound track or separate title | fre |
| 042 ## - AUTHENTICATION CODE | |
| Authentication code | dc |
| 100 10 - MAIN ENTRY--PERSONAL NAME | |
| Personal name | Fouéré, Marie-Aude |
| Relator term | author |
| 245 00 - TITLE STATEMENT | |
| Title | SPENCER, Paul. — The Samburu. A Study of Gerontocracy. London-New York, Routledge, 2004 [1965] (with a new preface by Paul Spencer), 376 p. — The Maasai of Matapato. London-New York, Routledge, 2004 [1988] (with a new preface by Paul Spencer), 296 p. — Time, Space and the Unknown. Maasai Configurations of Power and Providence. London-New York, Routledge and Kegan Paul, 2003, 304 p. |
| 260 ## - PUBLICATION, DISTRIBUTION, ETC. | |
| Date of publication, distribution, etc. | 2005.<br/> |
| 500 ## - GENERAL NOTE | |
| General note | 45 |
| 786 0# - DATA SOURCE ENTRY | |
| Note | Cahiers d'études africaines | 177 | 1 | 2005-03-01 | p. 257p-303p | 0008-0055 |
| 856 41 - ELECTRONIC LOCATION AND ACCESS | |
| Uniform Resource Identifier | <a href="https://shs.cairn.info/revue-cahiers-d-etudes-africaines-2005-1-page-257p?lang=fr&redirect-ssocas=7080">https://shs.cairn.info/revue-cahiers-d-etudes-africaines-2005-1-page-257p?lang=fr&redirect-ssocas=7080</a> |
Pas d'exemplaire disponible.




Réseaux sociaux